| 000 | 00836nam a2200193Ia 4500 | ||
|---|---|---|---|
| 003 | GCL | ||
| 008 | 140319s9999 xx 000 0 ara d | ||
| 040 |
_aGCL / _cGCL |
||
| 082 | 0 | 4 |
_aط _b823.087 _bد س |
| 100 | 1 | _aعالم ديزنى | |
| 245 | 1 | 0 |
_aسلسة احكى لى حكاية: مائة كلب وكلب-ميكى واطيب وحش فى العالم-بندق ونفيره المدهش-بطوط صاحب الحظ السعيد-ميكى والامنية الثانية-ميكى والانسان الآلى-البطل الحقيقى-جميلة-بلوتو / _cعالم ديزنى |
| 260 |
_aالقاهرة : _bدار الشرق |
||
| 300 |
_aمتعدد ؛ _c18سم |
||
| 490 |
_aسلسلة احكى لى حكاية _v0 |
||
| 650 | 0 | 4 | _aالاطفال |
| 650 | 0 | 4 | _aالقصص |
| 650 | 0 | 4 | _aقصص الاطفال |
| 942 |
_2ddc _cBK |
||
| 999 |
_c56382 _d56382 |
||